Sports Quiz

Random Sports or WWE Quiz

Sid Vicious WCW/WWF PPV Opponents Quiz Stats

 Plays Quiz not verified by Sporcle

Also try: Almost an NFL Team
Challenge
Share
Tweet
Embed
Score 0/77 Timer 10:00
0 Plays Today
PPV Event Opponent % Correct
Royal Rumble 1992Ric Flair & Hulk Hogan
98.1%
Wrestlemania VIII (1992)Hulk Hogan
95.8%
Wrestlemania 13 (1997)Undertaker
92.2%
In Your House 1 (1995)Diesel
92.1%
King of the Ring 1995Diesel
92.1%
In Your House 2: The Lumberjacks (1995)Diesel
92.1%
Bash at the Beach 1999Kevin Nash
92.1%
Starrcade 1999Kevin Nash
92.1%
Survivor Series 1996Shawn Michaels
92%
Royal Rumble 1997Shawn Michaels
92%
In Your House 12: It's Time (1996)Bret Hart
92%
Survivor Series 1995Owen Hart
91.5%
In Your House 9: International Incident (1996)Owen Hart
91.5%
King of the Ring 1997Owen Hart
91.5%
Halloween Havoc 1990Sting
89.9%
WrestleWar 1991Sting
89.9%
Beach Blast 1993Sting
89.9%
Fall Brawl 1993Sting
89.9%
Halloween Havoc 1993Sting
89.9%
Bash at the Beach 1999Sting
89.9%
Road Wild 1999Sting
89.9%
Great American Bash 1989Scott Hall
86.9%
Survivor Series 1995Razor Ramon
86.9%
In Your House 5 (1995)Razor Ramon
86.9%
SuperBrawl 2000Scott Hall
86.9%
In Your House 9: International Incident (1996)Vader
86.8%
In Your House 10: Mind Games (1996)Vader
86.8%
In Your House 11: Buried Alive (1996)Vader
86.8%
Great American Bash 1989Scott Steiner
85.3%
WrestleWar 1991Scott Steiner
85.3%
Starrcade 2000Scott Steiner
85.3%
Sin 2001Scott Steiner
85.3%
Great American Bash 1989Rick Steiner
85%
WrestleWar 1991Rick Steiner
85%
Beach Blast 1993Davey Boy Smith
84%
Fall Brawl 1993Davey Boy Smith
84%
In Your House 9: International Incident (1996)British Bulldog
84%
SummerSlam 1996British Bulldog
84%
King of the Ring 1997British Bulldog
84%
PPV Event Opponent % Correct
SuperBrawl 2000Jeff Jarrett
75.2%
Uncensored 2000Jeff Jarrett
75.2%
Sin 2001Jeff Jarrett
75.2%
Halloween Havoc 1989Animal
70.4%
Sin 2001Road Warrior Animal
70.4%
Fall Brawl 1993Dustin Rhodes
70.4%
Halloween Havoc 1999Bill Goldberg
70%
Mayhem 1999Bill Goldberg
70%
Fall Brawl 1999Chris Benoit
69.4%
Souled Out 2000Chris Benoit
69.4%
Halloween Havoc 1989Hawk
67%
Great American Bash 1989Brian Pillman
66.7%
WrestleWar 1991Brian Pillman
66.7%
Survivor Series 1995Yokozuna
66.1%
King of the Ring 1997Jim Neidhart
61%
Great American Bash 1989Ron Simmons
57.7%
King of the Ring 1995Bam Bam Bigelow
52.9%
Fall Brawl 1993The Shockmaster
44.1%
Great American Bash 1989Shane Douglas
41.1%
Survivor Series 1995Dean Douglas
41.1%
Great American Bash 1990El Gigante
37.6%
SuperBrawl I (1991)El Gigante
37.6%
Great American Bash 1989Dan Spivey
36.3%
In Your House 5 (1995)Marty Jannetty
33.5%
Great American Bash 1989Kevin Sullivan
31.3%
Great American Bash 1990Junkyard Dog
27.8%
Great American Bash 1990Paul Orndorff
27.4%
In Your House 3 (1995)Henry Godwinn
25.6%
In Your House 4 (1995)Henry Godwinn
25.6%
Great American Bash 1989Mike Rotunda
21.9%
Great American Bash 1989Johnny Ace
21.6%
Great American Bash 1989Terry Gordy
20.8%
Great American Bash 1989Ranger Ross
14%
Slamboree 1993Van Hammer
13.4%
Starrcade 1990Big Cat
13%
Great American Bash 1989Eddie Gilbert
12.5%
Great American Bash 1989Bill Irwin
11.3%
Starrcade 1990The Motor City Madman
10.3%

You're not logged in!

Compare scores with friends on all Sporcle quizzes.
OR
Log In

You Might Also Like...

Show Comments

Extras

Top Quizzes Today


Score Distribution

Your Account Isn't Verified!

In order to create a playlist on Sporcle, you need to verify the email address you used during registration. Go to your Sporcle Settings to finish the process.

Report this User

Report this user for behavior that violates our Community Guidelines.

Details: